Word Scramble - States - Statistics

General Stats
  • This quiz has been taken 5,194 times
  • The average score is 42 of 50
Answer Stats
Hint Answer % Correct
atsxe Texas
99%
ewn syejre New Jersey
97%
ahdoi Idaho
96%
kaalsa Alaska
95%
ipmsispsiis Mississippi
95%
veadan Nevada
94%
iooh Ohio
94%
nogreo Oregon
94%
stew gianivri West Virginia
94%
chaigimn Michigan
93%
wne kory New York
93%
trhon oracnail North Carolina
93%
netuyckk Kentucky
92%
nwe comeix New Mexico
92%
thous akadot South Dakota
92%
scinwions Wisconsin
92%
anasks Kansas
91%
maablaa Alabama
88%
ozanair Arizona
88%
haut Utah
88%
yomgwin Wyoming
87%
iahiaw Hawaii
86%
rogiage Georgia
85%
waio Iowa
85%
eainm Maine
85%
wen meshierap New Hampshire
85%
oilsinil Illinois
84%
rothn tokdaa North Dakota
84%
husot raclniao South Carolina
83%
utoctnecinc Connecticut
82%
kalhaomo Oklahoma
82%
lepnainavyns Pennsylvania
82%
etseneseen Tennessee
81%
waleread Delaware
80%
skasnara Arkansas
79%
nadrmlya Maryland
79%
larifod Florida
78%
songhtiwan Washington
78%
riaigavin Virginia
76%
tovmrne Vermont
75%
imsuirso Missouri
74%
doher nadsil Rhode Island
74%
onlaicfanr California
73%
karenasb Nebraska
73%
sucmtsasheast Massachusetts
71%
aniiand Indiana
68%
sailonaiu Louisiana
67%
tamanon Montana
67%
lroodoca Colorado
63%
noatinmes Minnesota
52%
No matching quizzes found
Score Distribution
Percent of People with Each Score
Percentile by Number Answered
Your Score History
You have not taken this quiz